Making Sense of the Future.

Bibliographic Details
Main Author: Szostak, Rick.
Format: eBook
Language:English
Published: Milton : Taylor & Francis Group, 2021.
Edition:1st ed.
Subjects:
Online Access:Click to View
LEADER 01396nam a22003613i 4500
001 EBC7245322
003 MiAaPQ
005 20231204023229.0
006 m o d |
007 cr cnu||||||||
008 231204s2021 xx o ||||0 eng d
020 |a 9781000465600  |q (electronic bk.) 
020 |z 9781032033501 
035 |a (MiAaPQ)EBC7245322 
035 |a (Au-PeEL)EBL7245322 
035 |a (OCoLC)1378932797 
040 |a MiAaPQ  |b eng  |e rda  |e pn  |c MiAaPQ  |d MiAaPQ 
082 0 |a 303.49 
100 1 |a Szostak, Rick. 
245 1 0 |a Making Sense of the Future. 
250 |a 1st ed. 
264 1 |a Milton :  |b Taylor & Francis Group,  |c 2021. 
264 4 |c Ã2022. 
300 |a 1 online resource (207 pages) 
336 |a text  |b txt  |2 rdacontent 
337 |a computer  |b c  |2 rdamedia 
338 |a online resource  |b cr  |2 rdacarrier 
588 |a Description based on publisher supplied metadata and other sources. 
590 |a Electronic reproduction. Ann Arbor, Michigan : ProQuest Ebook Central, 2023. Available via World Wide Web. Access may be limited to ProQuest Ebook Central affiliated libraries.  
655 4 |a Electronic books. 
776 0 8 |i Print version:  |a Szostak, Rick  |t Making Sense of the Future  |d Milton : Taylor & Francis Group,c2021  |z 9781032033501 
797 2 |a ProQuest (Firm) 
856 4 0 |u https://ebookcentral.proquest.com/lib/matrademy/detail.action?docID=7245322  |z Click to View